| Tag |
First Indicator |
Second Indicator |
Subfields |
| LEADER |
00000cam a2200000 4500 |
| 001 |
in00000065754 |
| 005 |
20151008050733.0 |
| 008 |
711122s1959 miu b 00000 eng u |
| 010 |
|
|
|a 59015974
|
| 035 |
|
|
|a (OCoLC)00174072
|
| 035 |
|
|
|9 AAG3002AM
|
| 040 |
|
|
|c WSU
|d TXA
|d UtOrBLW
|
| 049 |
|
|
|a TXAM [331001]
|
| 050 |
|
0 |
|a HC107.M5
|b H17
|
| 092 |
|
|
|a 330.9774
|b H114m
|
| 100 |
1 |
|
|a Haber, William,
|d 1899-1988.
|
| 245 |
1 |
4 |
|a The Michigan economy :
|b its potentials and its problems /
|c by William Haber and Eugene C. McKean and Harold C. Taylor. With contributions by Harvey E. Brazer [and others].
|
| 264 |
|
1 |
|a Kalamazoo, Mich. :
|b W.E. Upjohn Institute for Employment Research,
|c 1959.
|
| 300 |
|
|
|a 395 pages
|
| 336 |
|
|
|a text
|b txt
|2 rdacontent
|
| 337 |
|
|
|a unmediated
|b n
|2 rdamedia
|
| 338 |
|
|
|a volume
|b nc
|2 rdacarrier
|
| 504 |
|
|
|a Bibliographical footnotes.
|
| 651 |
|
0 |
|a Michigan
|x Economic conditions.
|
| 999 |
|
|
|a MARS
|
| 999 |
f |
f |
|s ef1dd2b5-e88b-33f0-a24b-cc5913ac38d2
|i 674b38d2-d819-3fda-a5d5-aad1720c2ad9
|t 0
|
| 952 |
f |
f |
|p ric
|a Texas A&M University
|b Rellis Campus
|c Joint Library Facility
|d Remote Storage
|t 0
|e HC107.M5 H17
|h Library of Congress classification
|i unmediated -- volume
|m A14800709863
|
| 998 |
f |
f |
|a HC107.M5 H17
|t 0
|l Remote Storage
|